Alle Boden-Pokemon - Statistiken

Allgemein
  • Dieses Quiz wurde 272 mal gespielt
    172 seit der letzten Aktualisierung
  • Das Durchschnittsergebnis liegt bei 59 aus 75
Antwortstatistiken
Pokedex-Nr. Pokemon 2. Typ % Korrekt
076 Geowaz Gestein
97%
034 Nidoking Gift
97%
031 Nidoqueen Gift
97%
075 Georok Gestein
96%
074 Kleinstein Gestein
96%
473 Mamutel Eis
96%
095 Onix Gestein
96%
445 Knakrack Drache
95%
028 Sandamer
95%
027 Sandan
95%
050 Digda
94%
051 Digdri
94%
221 Keifel Eis
94%
111 Rihorn Gestein
94%
112 Rizeros Gestein
94%
208 Stahlos Stahl
94%
443 Kaumalat Drache
92%
444 Knarksel Drache
92%
330 Libelldra Drache
92%
195 Morlord Wasser
92%
194 Felino Wasser
91%
220 Quiekel Eis
91%
207 Skorgla Flug
91%
472 Skorgro Flug
91%
329 Vibrava Drache
91%
389 Chelterrar Pflanze
89%
260 Sumpex Wasser
89%
323 Camerupt Feuer
87%
383 Groudon
87%
464 Rihornior Gestein
87%
328 Knacklion
86%
450 Hippoterus
85%
344 Lepumentas Psycho
85%
322 Camaub Feuer
84%
259 Moorabbel Wasser
84%
449 Hippopotas
82%
343 Puppance Psycho
82%
340 Welsar Wasser
82%
530 Stalobor Stahl
81%
623 Golgantes Geist
80%
290 Nincada Käfer
80%
339 Schmerbe Wasser
80%
104 Tragosso
80%
618 Flunschlik Elektro
78%
105 Knogga
78%
553 Rabigator Unlicht
78%
622 Golbit Geist
77%
537 Branawarz Wasser
76%
645 Demeteros Flug
76%
232 Donphan
76%
231 Phanpy
76%
552 Rokkaiman Unlicht
76%
529 Rotomurf
76%
423 Gastrodon Wasser
75%
246 Larvitar Gestein
75%
247 Pupitar Gestein
75%
551 Ganovil Unlicht
73%
536 Mebrana Wasser
73%
750 Pampross
68%
770 Colossand Geist
67%
769 Sankabuh Geist
67%
718 Zygarde Drache
67%
749 Pampuli
66%
660 Grebbit Normal
63%
867 Oghnatoll Geist
52%
844 Sanaconda
48%
980 Suelord Gift
48%
843 Salanga
46%
949 Tenterra Pflanze
44%
984 Riesenzahn Kampf
43%
948 Tentagra Pflanze
42%
989 Sandfell Elektro
41%
990 Eisenrad Stahl
39%
901 Ursaluna Normal
39%
1003 Dinglu Unlicht
32%
Keine übereinstimmenden Quizze gefunden
Verteilung der Resultate
Anzahl Personen mit jedem Resultat
Perzentil nach korrekt beantworteten Fragen
Ihre Resultats-Entwicklung
Sie haben dieses Quiz seit der letzten Aktualisierung nicht gespielt